ბათუმის შოთა რუსთაველის სახელმწიფო უნივერსიტეტის ბიბლიოთეკა

Japan’s Industrious Revolution: (ბიბ.ჩანაწერი № 63988)

000 -LEADER
fixed length control field 00629nam a22001817a 4500
005 - DATE AND TIME OF LATEST TRANSACTION
control field 20260305095519.0
008 - FIXED-LENGTH DATA ELEMENTS--GENERAL INFORMATION
fixed length control field 260305s2015 enk||||| |||| 00| 0 eng d
020 ## - INTERNATIONAL STANDARD BOOK NUMBER
International Standard Book Number 9784431564096x
041 ## - LANGUAGE CODE
Language code of text/sound track or separate title eng
080 ## - UNIVERSAL DECIMAL CLASSIFICATION NUMBER
Universal Decimal Classification number 330(520) H-39
100 ## - MAIN ENTRY--PERSONAL NAME
Personal name Hayami, Akira
9 (RLIN) 27050
245 ## - TITLE STATEMENT
Title Japan’s Industrious Revolution:
Remainder of title Economic and Social Transformations in the Early Modern Period /
Statement of responsibility, etc. Akira Hayami.
264 ## - PRODUCTION, PUBLICATION, DISTRIBUTION, MANUFACTURE, AND COPYRIGHT NOTICE
Place of production, publication, distribution, manufacture New York:
Name of producer, publisher, distributor, manufacturer Springer,
Date of production, publication, distribution, manufacture, or copyright notice 2015.
300 ## - PHYSICAL DESCRIPTION
Extent 130 p.;
Other physical details 24 cm.
653 ## - INDEX TERM--UNCONTROLLED
keyword იაპონიის შრომის რევოლუცია
653 ## - INDEX TERM--UNCONTROLLED
keyword იაპონია
942 ## - ADDED ENTRY ELEMENTS (KOHA)
Source of classification or shelving scheme
Koha item type წიგნი
ეგზემპლარები
Withdrawn status Lost status Source of classification or shelving scheme Damaged status Not for loan Permanent Location Current Location Shelving location Date acquired Cost, normal purchase price Full call number Barcode Date last seen Copy number Uniform Resource Identifier Price effective from Koha item type Public note
          ბათუმის შოთა რუსთაველის სახელმწიფო უნივერსიტეტის მთავარი ბიბლიოთეკა ბათუმის შოთა რუსთაველის სახელმწიფო უნივერსიტეტის მთავარი ბიბლიოთეკა წიგნის კალათა 2026-03-05 10.00 330(520) H-39 73872 2026-03-05 73872 იაპონიის ელჩის საჩუქარი 2026-03-05 წიგნი 10 ლ.